La ciudadanía en controversia : (Registro nro. 173233)
[ vista simple ]
| 000 -LEADER | |
|---|---|
| fixed length control field | 01599nam a2200409 i 4500 |
| 001 - CONTROL NUMBER | |
| control field | 2016442293 |
| 006 - FIXED-LENGTH DATA ELEMENTS--ADDITIONAL MATERIAL CHARACTERISTICS--GENERAL INFORMATION | |
| fixed length control field | m o d |
| 007 - PHYSICAL DESCRIPTION FIXED FIELD--GENERAL INFORMATION | |
| fixed length control field | cr un ---uuuua |
| 008 - FIXED-LENGTH DATA ELEMENTS--GENERAL INFORMATION | |
| fixed length control field | 160712s2015 ck a ob 000 0 spa d |
| 010 ## - LIBRARY OF CONGRESS CONTROL NUMBER | |
| LC control number | 2016442293 |
| 020 ## - INTERNATIONAL STANDARD BOOK NUMBER | |
| International Standard Book Number | 9789589146545 |
| 020 ## - INTERNATIONAL STANDARD BOOK NUMBER | |
| International Standard Book Number | 9589146546 |
| 020 ## - INTERNATIONAL STANDARD BOOK NUMBER | |
| International Standard Book Number | 9789585478022 |
| Qualifying information | (ePub) |
| 035 ## - | |
| -- | 40446 |
| 040 ## - CATALOGING SOURCE | |
| Original cataloging agency | UtOrBLW |
| Language of cataloging | eng |
| Description conventions | rda |
| Transcribing agency | UtOrBLW |
| 042 ## - | |
| -- | lccopycat |
| 050 #4 - | |
| -- | JF801 |
| -- | .C58 2015 |
| 082 04 - | |
| -- | 323.6 |
| -- | 23 |
| 245 03 - TITLE STATEMENT | |
| Title | La ciudadanía en controversia : |
| Remainder of title | análisis y conceptualización de las competencias ciudadanas / |
| Statement of responsibility, etc | Gustavo Octavio García Rodríguez [and six others] ; Dory Luz González Hernández, coordinación académica ; Alejandro Pachajoa Londoño, por el prólogo. |
| 250 ## - | |
| -- | Primera edición. |
| 264 #1 - | |
| -- | Bogotá, D.C. : |
| -- | Los Libertadores Fundación Universitaria, |
| -- | 2015. |
| 300 ## - PHYSICAL DESCRIPTION | |
| Extent | 1 online resource (206 pages) : |
| Other physical details | illustrations |
| 336 ## - | |
| -- | text |
| -- | txt |
| -- | rdacontent |
| 337 ## - | |
| -- | computer |
| -- | c |
| -- | rdamedia |
| 338 ## - | |
| -- | online resource |
| -- | cr |
| -- | rdacarrier |
| 490 0# - SERIES STATEMENT | |
| Series statement | Colección Debates |
| 504 ## - BIBLIOGRAPHY, ETC. NOTE | |
| Bibliography, etc | Includes bibliographical references. |
| 650 #0 - SUBJECT ADDED ENTRY--TOPICAL TERM | |
| Topical term or geographic name as entry element | Citizenship |
| General subdivision | Philosophy. |
| 650 #0 - SUBJECT ADDED ENTRY--TOPICAL TERM | |
| Topical term or geographic name as entry element | Citizenship |
| General subdivision | Social aspects. |
| 650 #0 - SUBJECT ADDED ENTRY--TOPICAL TERM | |
| Topical term or geographic name as entry element | Civics. |
| 700 1# - ADDED ENTRY--PERSONAL NAME | |
| Personal name | González Hernández, Dory Luz, |
| Relator term | editor. |
| 700 1# - ADDED ENTRY--PERSONAL NAME | |
| Personal name | Pachajoa Londoño Alejandro, |
| Relator term | writer of foreword. |
| 700 12 - ADDED ENTRY--PERSONAL NAME | |
| -- | Container of (work): |
| Personal name | García Rodríguez, Gustavo Octavio. |
| Title of a work | Desde la ciudadanía hacia las competencias ciudadanas. |
| 856 40 - LOCALIZACIÓN Y ACCESO ELECTRÓNICO | |
| Identificador Uniforme del Recurso (URI/URL) | https://app.vlex.com/#/sources/40446 |
| 942 ## - | |
| -- | RAA |
| 999 ## - | |
| -- | 173233 |
| -- | 173233 |
No hay ítems disponibles.